Normal view MARC view

Entry Personal Name

Number of records used in: 1

001 - CONTROL NUMBER

  • control field: 9720

003 - CONTROL NUMBER IDENTIFIER

  • control field: DLC

005 - DATE AND TIME OF LATEST TRANSACTION

  • control field: 20231009145614.0

008 - FIXED-LENGTH DATA ELEMENTS

  • fixed length control field: 961212n| azannaabn |n aaa c

010 ## - LIBRARY OF CONGRESS CONTROL NUMBER

  • LC control number: nr 96044668

024 7# - OTHER STANDARD IDENTIFIER

  • Standard number or code: 0000000066489858
  • Source of number or code: isni

024 7# - OTHER STANDARD IDENTIFIER

  • Standard number or code: 32103009
  • Source of number or code: viaf

024 7# - OTHER STANDARD IDENTIFIER

  • Standard number or code: Q368127
  • Source of number or code: wikidata

035 ## - SYSTEM CONTROL NUMBER

  • System control number: (OCoLC)oca04250461

040 ## - CATALOGING SOURCE

  • Original cataloging agency: NNU
  • Language of cataloging: eng
  • Description conventions: rda
  • Transcribing agency: NNU
  • Modifying agency: DLC
  • Modifying agency: TxU
  • Modifying agency: IlMpPL
  • Modifying agency: NNU
  • Modifying agency: NAlfC
  • Modifying agency: MH
  • Modifying agency: NNU

053 #0 - LC CLASSIFICATION NUMBER

  • Classification number element--single number or beginning number of span: PQ4866.E6345

100 1# - HEADING--PERSONAL NAME

  • Personal name: Ferrante, Elena

368 ## - OTHER ATTRIBUTES OF PERSON OR CORPORATE BODY

  • Other designation: Anonyms and pseudonyms
  • Source: lcsh

370 ## - ASSOCIATED PLACE

  • Place of birth: Naples (Italy)
  • Associated country: Italy
  • Source of term: naf

374 ## - OCCUPATION

  • Occupation: Novelists
  • Source of term: lcsh

377 ## - ASSOCIATED LANGUAGE

  • Language code: ita

670 ## - SOURCE DATA FOUND

  • Source citation: L'amore molesto, c1992:
  • Information found: t.p. (Elena Ferrante)

670 ## - SOURCE DATA FOUND

  • Source citation: Her I giorni dell'abbandono, c2002:
  • Information found: t.p. (Elena Ferrante) p. 213 (b. Napoli; novelist)

670 ## - SOURCE DATA FOUND

  • Source citation: New York times, 10 December 2014:
  • Information found: Scant clues to a secret identity, Arts section, page 1 (The pseudonymous Elena Ferrante discusses her feminist potboilers; In her most extensive interview in years, Ms. Ferrante, who publishes under a pseudonym and has never revealed her identity, addressed her choice of anonymity -- or "absence" as she called it.)
  • Uniform Resource Identifier: http://www.nytimes.com/2014/12/10/books/elena-ferrante-author-of-naples-novels-stays-mysterious.html?module=Search&mabReward=relbias%3Aw%2C{%222%22%3A%22RI%3A12%22}&_r=0

670 ## - SOURCE DATA FOUND

  • Source citation: New York review of books website, viewed Oct. 5, 2016
  • Information found: article "Elena Ferrante: an answer?" by Claudio Gatti, published Oct. 2, 2016 (Ferrante's true identity believed to be Anita Raja, a Rome-based translator)

Powered by Koha